ბათუმის შოთა რუსთაველის სახელმწიფო უნივერსიტეტის ბიბლიოთეკა

Микрокалькулятор -школьнику (ბიბ.ჩანაწერი № 38755)

000 -LEADER
fixed length control field 00608nam a2200205Ia 4500
001 - CONTROL NUMBER
control field 5085
003 - CONTROL NUMBER IDENTIFIER
control field GE_BSU
008 - FIXED-LENGTH DATA ELEMENTS--GENERAL INFORMATION
fixed length control field 181216s||||||||xx |||||||||||||| ||und||
040 ## - CATALOGING SOURCE
Transcribing agency GE_BSU
080 ## - UNIVERSAL DECIMAL CLASSIFICATION NUMBER
Universal Decimal Classification number 004.3
100 ## - MAIN ENTRY--PERSONAL NAME
Personal name Виленкин,Н.Я; Оксман,В.М; Шварцбурд,С.И.
245 ## - TITLE STATEMENT
Title Микрокалькулятор -школьнику
245 ## - TITLE STATEMENT
Remainder of title Книга для учащихся
260 ## - PUBLICATION, DISTRIBUTION, ETC.
Place of publication, distribution, etc. Москва
260 ## - PUBLICATION, DISTRIBUTION, ETC.
Name of publisher, distributor, etc. Просвещение
260 ## - PUBLICATION, DISTRIBUTION, ETC.
Date of publication, distribution, etc. 1986.
300 ## - PHYSICAL DESCRIPTION
Extent 95 сил. 20 см.
653 ## - INDEX TERM--UNCONTROLLED
Uncontrolled term Микрокалькулятор школьнику
942 ## - ADDED ENTRY ELEMENTS (KOHA)
Koha item type წიგნი
ეგზემპლარები
Withdrawn status Lost status Damaged status Not for loan Date acquired Barcode Date last seen Price effective from Koha item type Public note
        2018-12-17 16082 2018-12-17 2018-12-17 წიგნი დარბაზი
        2018-12-17 16083 2018-12-17 2018-12-17 წიგნი დარბაზი